Some Ferrari models from the 80s till now - Statistics

General Stats
  • This quiz has been taken 28 times
  • The average score is 10 of 16
Answer Stats
Picture Answer % Correct
F40
100%
Enzo
91%
F50
87%
LaFerrari
87%
SF90
87%
458 Italia
83%
Roma
78%
296 GTB
65%
288 GTO
61%
360 Modena
57%
FF
52%
550 Maranello
48%
308 GTB
39%
Mondial T
26%
456 GT
22%
512 TR
13%
No matching quizzes found
Score Distribution
Percent of People with Each Score
Percentile by Number Answered
Your Score History
You have not taken this quiz